000 00479nam a22001817a 4500
999 _c533290
_d533290
003 NUST
005 20191219123331.0
008 191219b ||||| |||| 00| 0 eng d
020 _a0521780411
024 _a978-0521780414
038 _aMSOHAIL
082 _a915.40425
100 _aMuzaffar Alam
_927131
245 _aIndo-Persian Travels in the Age of Discoveries
260 _aCambridge Press
_bCambridge University Press
_cc2008
300 _a399;pxv
942 _2ddc
_cBK